Imágenes y metáforas de la ciencia

Zapisane w:
Opis bibliograficzny
Główni autorzy: Preta, Lorena (Autor), Bruner, Jerome Seymour (Autor), Ceruti, Mauro (Autor), Davies, Paul C. W (Autor), Feyerabend, Paul Karl (Autor), Giorello, Giulio (Autor), Holton, Gerald (Autor), Thom, René (Autor)
Kolejni autorzy: Gould, Stephen Jay (autor)
Format: Książka
Język:hiszpański
Wydane: Madrid Alianza 1993
Seria:Alianza Universidad
Hasła przedmiotowe:
Etykiety: Dodaj etykietę
Nie ma etykietki, Dołącz pierwszą etykiete!

MARC

LEADER 00000nam a2200000 a 4500
001 UCM7440
003 CL-VaPUC
008 021220e19930000SP |||||||||||||||||spa|d
082 0 4 |a 501  |b PRE  |2 21 
100 0 |a Preta, Lorena  |e author  |9 473013 
700 0 |a Bruner, Jerome Seymour  |e author  |9 343602 
700 0 |a Ceruti, Mauro  |e author  |9 473014 
700 0 |a Davies, Paul C. W  |e author  |9 473015 
700 |a Feyerabend, Paul Karl  |e author  |9 327225 
700 0 |a Giorello, Giulio  |e author  |9 473017 
700 |a Gould, Stephen Jay  |e autor  |9 473018 
700 |a Holton, Gerald  |e author  |9 487085 
700 0 |a Thom, René  |e author  |9 473020 
245 1 0 |a Imágenes y metáforas de la ciencia 
300 |a 201 p 
942 |c BK 
945 |d 20021220 00:00:00  |a cmena 
260 |a Madrid  |b Alianza  |c 1993 
650 0 |a Filosofía de las ciencias  |9 256466 
650 0 |a Teorías científicas  |9 316549 
650 0 |a Teoría del conocimiento   |9 255038 
583 |a last modification  |c 20021220 00:00:00  |k Rodrigo Vera 
490 0 |a Alianza Universidad 
999 |c 302232  |d 302230 
952 |0 0  |1 0  |4 0  |6 501_000000000000000_PRE_1993  |7 0  |8 A  |9 362362  |a FDOPOS  |b FDOPOS  |d 2019-11-21  |i 3870103  |o 501 PRE 1993  |p 3870103  |r 2025-01-22  |w 2019-11-21  |y BK  |k MLA